000 01039nam2a2200277 4500
001 RU\NLR\bibl\991841
005 20260406215210.0
010 _a5-87247-380-X
_91000
021 _aRU
_b2006-51802
_92553
035 _a(NLR Aleph) 000979637
090 _a450854
_c450854
100 _a20061005d2005 |||y0rusy50 ca
101 0 _arus
102 _aRU
105 _ay |||||||||
200 0 _a2004 год
210 _d2005
_aБ. м.
215 _a852 с.
461 0 _1001RU\NLR\bibl\335424
_12001#$aЗаконы Курганской области$v2004 год
_9153098
_c[Курган]
_d2002
_fРос. Федерация, Курган. обл. Курган. обл. Дума
_nКурган. обл. Дума
_tЗаконы Курганской области
_v2004 год
741 1 _aКурганская область
_tЗаконы и постановления
_9442953
_3RU\NLR\AUTH\889973232
801 0 _aRU
_bNLR
_c20061005
_grcr
801 1 _aRU
_bNLR
_c20061005
942 _cBOOK
980 _aNB